अ प्रिझनर ऑफ बर्थ / (Record no. 61203)

MARC details
000 -LEADER
fixed length control field 01274nam a22002657a 4500
005 - DATE AND TIME OF LATEST TRANSACTION
control field 20120112143825.0
008 - FIXED-LENGTH DATA ELEMENTS--GENERAL INFORMATION
fixed length control field 120112t xxu||||| |||| 00| 0 mar d
010 ## - LCCN (DPL NO)
LC control number MAR-21865
020 ## - INTERNATIONAL STANDARD BOOK NUMBER
Terms of availability 500.00
International Standard Book Number 9788184983159
035 ## - SYSTEM CONTROL NUMBER
System control number MR-14523
037 ## - SOURCE OF ACQUISITION
Source of stock number/acquisition DBAD/PUB
040 ## - CATALOGING SOURCE
Original cataloging agency DPL
Language of cataloging MR
082 ## - DEWEY DECIMAL CLASSIFICATION NUMBER
Classification number 823
100 ## - MAIN ENTRY--PERSONAL NAME
Personal name आर्चर,जेफ्री
9 (RLIN) 39079
245 ## - TITLE STATEMENT
Title अ प्रिझनर ऑफ बर्थ /
Statement of responsibility, etc जेफ्री आर्चर ; लीला सोहोनी द्वारा अनुवादित
246 ## - VARYING FORM OF TITLE
Title proper/short title A Prisiner of Birth
Remainder of title by Jeffrey Archer
260 ## - PUBLICATION, DISTRIBUTION, ETC. (IMPRINT)
Place of publication, distribution, etc पुणे
Name of publisher, distributor, etc मेहता पब्लिशिंग हाऊस
Date of publication, distribution, etc 2012
270 ## - ADDRESS
Address 1941,सदाशिव पेठ,
City पुणे
Postal code 411030
300 ## - PHYSICAL DESCRIPTION
Extent 586पृ.
Dimensions 21सेमी(अजिल्द)
650 ## - SUBJECT ADDED ENTRY--TOPICAL TERM
Topical term or geographic name as entry element अंग्रेजी कादंबरी
General subdivision मराठी भाषा में अनुवादित
9 (RLIN) 39688
650 ## - SUBJECT ADDED ENTRY--TOPICAL TERM
Topical term or geographic name as entry element English Fiction
General subdivision Translated into Marathi
9 (RLIN) 39689
700 ## - ADDED ENTRY--PERSONAL NAME
Personal name सोहोनी,लीला
9 (RLIN) 39690
942 ## - ADDED ENTRY ELEMENTS (KOHA)
Source of classification or shelving scheme Dewey Decimal Classification
Item type Marathi Books
Call number suffix आर्चर
Classification part 823
Holdings
Withdrawn status Lost status Source of classification or shelving scheme Damaged status Not for loan Collection code Home library Current library Date acquired Source of acquisition Cost, normal purchase price Total Checkouts Full call number Barcode Date last seen Copy number Cost, replacement price Koha item type
    Dewey Decimal Classification   Not For Loan Fiction D.B.Act.Division D.B.Act.Division 19/01/2012 DBAD/PUB 500.00   823 आर्चर MR-14523 19/01/2012 1 500.00 Marathi Books

© Delhi Public Library
Hit Counter
free hit counter